[Event "7th Paleochora Open 2014"]
[Site "Paleochora GRE"]
[Date "2014.07.22"]
[Round "2.21"]
[White "Petrov, Marijan"]
[Black "Iasman, Inna"]
[Result "1-0"]
[WhiteTitle "GM"]
[WhiteElo "2438"]
[BlackElo "1954"]
[WhiteFideId "2901773"]
[BlackFideId "24125563"]
[EventDate "2014.07.21"]

1. e4 c6 2. d4 d5 3. Nc3 dxe4 4. Nxe4 Bf5 5. Ng3 Bg6 6. h4 h6 7. Nf3 Nd7 8. Bd3
Bxd3 9. Qxd3 e6 10. Bf4 Qa5+ 11. Bd2 Qc7 12. O-O-O O-O-O 13. Qe2 Ngf6 14. Ne5
Nb6 15. Ba5 Rd5 16. Bxb6 axb6 17. c4 Ra5 18. Kb1 Bd6 19. f4 Qe7 20. Qf3 Kc7 21.
Ne2 Rha8 22. Nc3 Bb4 23. d5 exd5 24. cxd5 Nxd5 25. Nxd5+ Rxd5 26. Rxd5 cxd5 27.
Qxd5 Rd8 28. Rc1+ Kb8 29. Qxf7 Qxf7 30. Nxf7 Rf8 31. Rc4 Rxf7 32. Rxb4 Kc7 33.
Re4 Kd6 34. Kc2 Rf6 35. g4 Rf7 36. Kd3 Rc7 37. f5 Rf7 38. Re6+ Kc5 39. Re5+ Kc6
40. Kd4 Kc7 41. g5 hxg5 42. hxg5 Kd7 43. Ke4 Rf8 44. Re6 Ra8 45. Rxb6 Ra4+ 46.
Kf3 Kc7 47. Rg6 1-0

[Event "7th Paleochora Open 2014"]
[Site "Paleochora GRE"]
[Date "2014.07.22"]
[Round "2.22"]
[White "Lauritzen, Einar"]
[Black "Lekic, Dusan"]
[Result "0-1"]
[BlackTitle "IM"]
[WhiteElo "1955"]
[BlackElo "2433"]
[WhiteFideId "1504819"]
[BlackFideId "905330"]
[EventDate "2014.07.21"]

1. d4 Nf6 2. Nf3 b6 3. g3 Bb7 4. Bg2 c5 5. O-O g6 6. c3 Bg7 7. Re1 O-O 8. Nbd2
d5 9. Ne5 Nc6 10. Ndf3 e6 11. Bg5 h6 12. Nxc6 Bxc6 13. Ne5 Bb7 14. Be3 Qe7 15.
a4 a5 16. Qb3 Qc7 17. Qa3 Rfc8 18. Rac1 Ne8 19. b3 Nd6 20. Nd3 c4 21. Ne5 Nf5
22. Bd2 Nd6 23. h4 Bf8 24. Qb2 cxb3 25. Qxb3 Nc4 26. Bf4 Qd8 27. Rb1 g5 28. hxg5
hxg5 29. Bc1 Nxe5 30. dxe5 Bc6 31. e4 dxe4 32. Bxe4 Bxe4 33. Rxe4 Qd3 34. Rg4
Rxc3 35. Rxg5+ Bg7 36. Qxb6 Qd1+ 0-1

[Event "7th Paleochora Open 2014"]
[Site "Paleochora GRE"]
[Date "2014.07.22"]
[Round "2.23"]
[White "Ahlander, Bjorn"]
[Black "Skagseth, Havard M"]
[Result "1-0"]
[WhiteTitle "IM"]
[WhiteElo "2426"]
[BlackElo "1946"]
[WhiteFideId "1700251"]
[BlackFideId "1511572"]
[EventDate "2014.07.21"]

1. e4 c5 2. Nc3 Nc6 3. g3 g6 4. Bg2 Bg7 5. d3 Nf6 6. f4 d6 7. Nf3 Bg4 8. h3 Bxf3
9. Qxf3 O-O 10. O-O Rb8 11. Ne2 Nd7 12. c3 b5 13. Be3 b4 14. e5 Na5 15. exd6
exd6 16. Rab1 bxc3 17. Nxc3 Rb6 18. Qd1 Nc6 19. Qa4 Ndb8 20. f5 Rb4 21. Qd1 Nd4
22. a3 Rb6 23. g4 Re8 24. Nd5 Ra6 25. Qd2 Nbc6 26. Kh1 Qd7 27. Be4 Ne7 28. f6
Nxd5 29. Bxd5 Bh8 30. Bxd4 cxd4 31. Rbe1 Re5 32. Qb4 Bxf6 33. Qc4 Rxe1 34. Rxe1
Rb6 35. Rf1 Kg7 36. b4 Rb8 37. Kg2 h6 38. Rxf6 Kxf6 39. Qxd4+ Ke7 40. Qg7 Rf8
41. Qxh6 Qc7 42. Qe3+ Kd8 43. b5 Qe7 44. Qf2 f5 45. Bf3 f4 46. Qd4 Rf7 47. Qd5
Ke8 48. Qa8+ Qd8 49. Bc6+ Ke7 50. Qxa7+ Kf8 51. Qd4 Qh4 52. Qxd6+ Kg7 53. Qd4+
Kf8 54. Qf2 Qxf2+ 55. Kxf2 Ra7 56. b6 Rxa3 57. b7 Rb3 58. h4 Ke7 59. Bd5 Kd6 60.
Bxb3 1-0

[Event "7th Paleochora Open 2014"]
[Site "Paleochora GRE"]
[Date "2014.07.22"]
[Round "2.24"]
[White "Kerkhof, Michel"]
[Black "Swapnil, S. Dhopade"]
[Result "0-1"]
[BlackTitle "IM"]
[WhiteElo "1954"]
[BlackElo "2421"]
[WhiteFideId "1022563"]
[BlackFideId "5019184"]
[EventDate "2014.07.21"]

1. e4 c6 2. Ne2 d5 3. e5 d4 4. c3 c5 5. Nf4 e6 6. Bb5+ Bd7 7. Qe2 Bxb5 8. Qxb5+
Qd7 9. Qxd7+ Nxd7 10. cxd4 cxd4 11. Nd3 Ne7 12. O-O Nc6 13. Re1 Nc5 14. Nxc5
Bxc5 15. a3 d3 16. Nc3 Bd4 17. Nb5 Bxe5 18. Rxe5 Nxe5 19. Nc7+ Kd7 20. Nxa8 Rxa8
21. b3 Ng6 22. g3 Rc8 23. f3 Ne7 24. Bb2 Rc2 25. Bxg7 Rxd2 26. b4 Nf5 27. Bf6
Ne3 28. Bg5 Ng2 29. Kh1 Re2 30. Be3 Rxe3 31. Rd1 Kd6 0-1

[Event "7th Paleochora Open 2014"]
[Site "Paleochora GRE"]
[Date "2014.07.22"]
[Round "2.25"]
[White "Narayanan, Srinath"]
[Black "Post, Maarten"]
[Result "1-0"]
[WhiteTitle "IM"]
[WhiteElo "2419"]
[BlackElo "1940"]
[WhiteFideId "5018420"]
[BlackFideId "1025970"]
[EventDate "2014.07.21"]

1. e4 c5 2. Nf3 e6 3. d4 cxd4 4. Nxd4 a6 5. Nc3 Qc7 6. Be2 Nf6 7. O-O b5 8. Bf3
Bb7 9. e5 Ng8 10. Re1 Nc6 11. Nxc6 Bxc6 12. Bxc6 Qxc6 13. Ne4 Rc8 14. Bg5 h6 15.
Bf4 g5 16. Bd2 Be7 17. Qh5 Rh7 18. Bxg5 Bxg5 19. Nxg5 Rg7 20. Ne4 Rc7 21. Qf3
Ne7 22. Rad1 Nd5 23. g3 Qxc2 24. Rxd5 exd5 25. Nd6+ Kf8 26. Qf6 Rh7 27. Qd8+ Kg7
28. Ne8+ 1-0

[Event "7th Paleochora Open 2014"]
[Site "Paleochora GRE"]
[Date "2014.07.22"]
[Round "2.26"]
[White "Papathanasiou, Elisavet"]
[Black "Eggleston, David J"]
[Result "0-1"]
[BlackTitle "IM"]
[WhiteElo "1940"]
[BlackElo "2409"]
[WhiteFideId "4222687"]
[BlackFideId "412120"]
[EventDate "2014.07.21"]

1. Nf3 Nf6 2. d4 e6 3. Nbd2 c5 4. e3 cxd4 5. exd4 b6 6. Bd3 Bb7 7. O-O Be7 8. b3
O-O 9. Bb2 Nc6 10. a3 Rc8 11. c4 d5 12. Qe2 Re8 13. Rac1 Bf8 14. Bb1 a5 15. Ne5
dxc4 16. Nxc6 Bxc6 17. bxc4 b5 18. cxb5 Bxb5 19. Qxb5 Rb8 20. Qd3 Rxb2 21. Nc4
Rb7 22. Rfe1 g6 23. Qd2 Rb5 24. Red1 Rd5 25. Ne3 Rd7 26. Qc3 Bh6 27. Bc2 Nd5 28.
Qe1 Rf8 29. Ba4 Nxe3 30. fxe3 Rd5 31. Bc6 Rd6 32. Rc5 Qb6 33. Rdc1 Rfd8 34. Qc3
Rc8 35. Kf2 Qd8 36. Qxa5 Qxa5 37. Rxa5 Rdxc6 0-1

[Event "7th Paleochora Open 2014"]
[Site "Paleochora GRE"]
[Date "2014.07.22"]
[Round "2.27"]
[White "Anurag, Mhamal"]
[Black "Drakaki, Anna-Maria"]
[Result "1-0"]
[WhiteTitle "IM"]
[WhiteElo "2405"]
[BlackElo "1916"]
[WhiteFideId "5024366"]
[BlackFideId "4225210"]
[EventDate "2014.07.21"]

1. c4 Nf6 2. g3 c6 3. Nf3 d5 4. Qc2 Bg4 5. Bg2 Nbd7 6. d4 e6 7. Bf4 Bb4+ 8. Nbd2
dxc4 9. Qxc4 Nd5 10. O-O N7f6 11. Qd3 Nxf4 12. gxf4 Nd5 13. e3 h6 14. Nc4 g5 15.
Nfe5 Bh5 16. f5 f6 17. Nf3 Qd7 18. Qe4 Nc7 19. a3 Be7 20. fxe6 Qxe6 21. Qxe6
Nxe6 22. b4 Kf7 23. Rfc1 Rhd8 24. Nfd2 Rd7 25. Ne4 Bg6 26. Ra2 Rad8 27. Rb2 Bxe4
28. Bxe4 Nc7 29. Na5 Nd5 30. Rb3 a6 31. a4 Nxb4 32. Rcb1 c5 33. Nxb7 Re8 34.
dxc5 a5 35. Nxa5 Bxc5 36. Rxb4 Bxb4 37. Rxb4 Re5 38. Nb3 f5 39. Rb7 Ke6 40. Rb6+
Rd6 41. Nd4+ Kd7 42. Bxf5+ Kc7 43. Rb5 Rdd5 44. Kg2 Rxb5 45. Nxb5+ Kb6 46. Nd4
Ra5 47. Bc2 Kc7 48. Kg3 Kd6 49. Nf5+ 1-0

[Event "7th Paleochora Open 2014"]
[Site "Paleochora GRE"]
[Date "2014.07.22"]
[Round "2.28"]
[White "Reginato, Sabrina"]
[Black "Michielsen, Joost"]
[Result "0-1"]
[BlackTitle "IM"]
[WhiteElo "1925"]
[BlackElo "2397"]
[WhiteFideId "825204"]
[BlackFideId "1008790"]
[EventDate "2014.07.21"]

1. d4 d5 2. c4 c6 3. cxd5 cxd5 4. Nc3 Nf6 5. Bf4 Nc6 6. e3 Bg4 7. Qb3 Na5 8.
Qa4+ Bd7 9. Bb5 Nc6 10. Nf3 a6 11. Be2 e6 12. h3 Bb4 13. O-O b5 14. Qb3 Qe7 15.
Ne5 O-O 16. Nxc6 Bxc6 17. Rac1 Rfc8 18. a3 Bd6 19. Bxd6 Qxd6 20. Na2 Ne4 21. Rc2
Bb7 22. Rfc1 Qd7 23. Nb4 Nd2 24. Rxc8+ Rxc8 25. Qd1 Nc4 26. Nd3 Bc6 27. Ra1 Qe7
28. Qc1 a5 29. b3 Nd6 30. Nc5 e5 31. Qe1 exd4 32. exd4 Re8 33. Kf1 Nf5 34. Bd3
Qd6 35. Qc3 Qh2 0-1

[Event "7th Paleochora Open 2014"]
[Site "Paleochora GRE"]
[Date "2014.07.22"]
[Round "2.29"]
[White "Jens, Jelmer"]
[Black "Rocchi, Federico"]
[Result "1/2-1/2"]
[WhiteTitle "IM"]
[WhiteElo "2394"]
[BlackElo "1908"]
[WhiteFideId "1007394"]
[BlackFideId "826308"]
[EventDate "2014.07.21"]

1. e4 g6 2. d4 Bg7 3. Nc3 c5 4. Nge2 cxd4 5. Nxd4 Nc6 6. Be3 d6 7. Qd2 Nf6 8. f3
O-O 9. Bc4 d5 10. exd5 Na5 11. Bb3 Nxb3 12. Nxb3 e6 13. d6 Nd5 14. Nxd5 exd5 15.
O-O-O Be6 16. Bh6 Qxd6 17. h4 Qe5 18. Bxg7 Qxg7 19. h5 g5 20. h6 Qg6 21. f4 Bg4
22. Rde1 gxf4 23. Qxf4 Rac8 24. Nd4 Rfe8 25. Re5 Rxe5 26. Qxe5 Rd8 27. Qe7 Rc8
28. Qxb7 Qe4 29. c3 Qe3+ 30. Kb1 Qe4+ 31. Ka1 Re8 32. a3 Qxg2 33. Rb1 Bh5 34.
Qd7 Qe4 35. Rg1+ Bg6 36. Nf5 Qe5 37. Nd6 Rf8 38. Nb5 Qe3 39. Qxa7 Qxa7 40. Nxa7
f5 41. Nc6 f4 42. Ne7+ Kf7 43. Nxd5 Ke6 44. c4 f3 45. Re1+ Kd6 46. Rd1 Ke5 47.
Ne3 Ke4 48. Ng4 Kf4 49. Rd4+ Kg3 50. c5 Rf4 51. Rxf4 Kxf4 52. Nf2 Kg3 53. Nd1
Bc2 54. Ne3 Be4 55. b4 f2 56. Kb2 Kf3 57. Nf1 Ke2 1/2-1/2

[Event "7th Paleochora Open 2014"]
[Site "Paleochora GRE"]
[Date "2014.07.22"]
[Round "2.30"]
[White "Qwarfort, Fredrik"]
[Black "Farahat, Ali"]
[Result "0-1"]
[BlackTitle "IM"]
[WhiteElo "1911"]
[BlackElo "2374"]
[WhiteFideId "1701860"]
[BlackFideId "10600507"]
[EventDate "2014.07.21"]

1. d4 Nf6 2. c4 e6 3. Nf3 d5 4. g3 Be7 5. Bg2 O-O 6. O-O c5 7. cxd5 exd5 8. Nc3
Nc6 9. a3 c4 10. Re1 Re8 11. Ne5 Bf8 12. Bg5 Nxe5 13. dxe5 Rxe5 14. Bxf6 Qxf6
15. Bxd5 Be6 16. f4 Re3 17. Ne4 Qe7 18. Qd4 Bxd5 19. Qxd5 Qxe4 20. Qxe4 Rxe4 21.
Kf2 g6 22. Rac1 b5 0-1

[Event "7th Paleochora Open 2014"]
[Site "Paleochora GRE"]
[Date "2014.07.22"]
[Round "3.1"]
[White "Eggleston, David J"]
[Black "Delchev, Aleksander"]
[Result "0-1"]
[WhiteTitle "IM"]
[BlackTitle "GM"]
[WhiteElo "2409"]
[BlackElo "2644"]
[WhiteFideId "412120"]
[BlackFideId "2900394"]
[EventDate "2014.07.21"]

1. e4 e5 2. Nf3 Nc6 3. Bc4 Bc5 4. c3 Nf6 5. d3 O-O 6. O-O d5 7. exd5 Nxd5 8. Re1
Bg4 9. h3 Bh5 10. Nbd2 Bb6 11. Ne4 f6 12. a4 Kh8 13. Ng3 Bf7 14. Bd2 a6 15. b4
Nce7 16. Qb3 c6 17. d4 exd4 18. cxd4 Nc8 19. Ne4 Nd6 20. Nxd6 Qxd6 21. b5 cxb5
22. axb5 a5 23. Bc1 Rfc8 24. Ba3 Qd7 25. Rac1 a4 26. Qa2 Ba5 27. Rf1 Bg8 28. Qb2
Bc3 29. Qa2 Nb4 30. Bxg8 Nxa2 31. Bxa2 Ba5 32. d5 Rxc1 33. Rxc1 Rc8 34. Rxc8+
Qxc8 35. d6 Qc3 0-1

[Event "7th Paleochora Open 2014"]
[Site "Paleochora GRE"]
[Date "2014.07.22"]
[Round "3.2"]
[White "Gupta, Abhijeet"]
[Black "Narayanan, Srinath"]
[Result "1-0"]
[WhiteTitle "GM"]
[BlackTitle "IM"]
[WhiteElo "2634"]
[BlackElo "2419"]
[WhiteFideId "5010608"]
[BlackFideId "5018420"]
[EventDate "2014.07.21"]

1. Nf3 c5 2. c4 Nc6 3. Nc3 e5 4. g3 g6 5. Bg2 Bg7 6. O-O d6 7. a3 a5 8. Ne1 Be6
9. d3 Nge7 10. Nc2 d5 11. cxd5 Nxd5 12. Ne3 Nde7 13. Nc4 O-O 14. Bg5 f6 15. Be3
b6 16. Qa4 Qc7 17. f4 Rab8 18. fxe5 Nxe5 19. Nxe5 fxe5 20. Bg5 Nf5 21. g4 Nd4
22. e3 b5 23. Rxf8+ Rxf8 24. Nxb5 Ne2+ 25. Kh1 Qd7 26. Nc3 Qxd3 27. Qc6 Bxg4 28.
h3 Bf5 29. Nxe2 Qxe2 30. Be7 Qxe3 31. Bxc5 Qg3 32. Qd5+ Kh8 33. Bxf8 Bxf8 34.
Qf7 1-0

[Event "7th Paleochora Open 2014"]
[Site "Paleochora GRE"]
[Date "2014.07.22"]
[Round "3.3"]
[White "Svetushkin, Dmitry"]
[Black "Anurag, Mhamal"]
[Result "0-1"]
[WhiteTitle "GM"]
[BlackTitle "IM"]
[WhiteElo "2557"]
[BlackElo "2405"]
[WhiteFideId "13900463"]
[BlackFideId "5024366"]
[EventDate "2014.07.21"]

1. e4 e6 2. d4 d5 3. Nc3 Bb4 4. e5 c5 5. a3 Bxc3+ 6. bxc3 Ne7 7. Nf3 Qc7 8. h4
Bd7 9. h5 h6 10. Bd3 Ba4 11. O-O Nd7 12. Re1 c4 13. Bf1 O-O-O 14. g3 g6 15. Bh3
Rdg8 16. Ra2 Nf8 17. Nh2 Nh7 18. Bg2 Nf5 19. Bf4 Nf8 20. Ng4 Nd7 21. Nf6 g5 22.
Nxg8 gxf4 23. g4 Nh4 24. Ne7+ Kb8 25. Qd2 Nb6 26. Nxd5 Nxd5 27. Bxd5 Bc6 28.
Qxf4 Bxd5 29. Re3 Qd8 30. Ra1 Ng2 0-1

[Event "7th Paleochora Open 2014"]
[Site "Paleochora GRE"]
[Date "2014.07.22"]
[Round "3.4"]
[White "Michielsen, Joost"]
[Black "Borovikov, Vladislav"]
[Result "0-1"]
[WhiteTitle "IM"]
[BlackTitle "GM"]
[WhiteElo "2397"]
[BlackElo "2556"]
[WhiteFideId "1008790"]
[BlackFideId "14102811"]
[EventDate "2014.07.21"]

1. e4 c5 2. Nf3 d6 3. d4 cxd4 4. Nxd4 Nf6 5. Nc3 a6 6. h3 Nc6 7. g4 Qb6 8. Nb3
e6 9. Bg2 Qc7 10. O-O Be7 11. f4 b5 12. a3 Bb7 13. Qe2 Nd7 14. Qf2 Nc5 15. Nxc5
dxc5 16. Be3 Nd4 17. b4 Rc8 18. Nd1 O-O 19. bxc5 Rfd8 20. Rb1 Nc6 21. c4 bxc4
22. e5 Rb8 23. Nc3 Rd3 24. Ne4 Nd8 25. Nd6 Bxg2 26. Kxg2 Qc6+ 27. Kh2 Rbb3 28.
Nxc4 Rbc3 29. Rb4 Bxc5 0-1

[Event "7th Paleochora Open 2014"]
[Site "Paleochora GRE"]
[Date "2014.07.22"]
[Round "3.5"]
[White "Kharitonov, Alexandr"]
[Black "Milosevic, Goran"]
[Result "1-0"]
[WhiteTitle "GM"]
[BlackTitle "IM"]
[WhiteElo "2554"]
[BlackElo "2364"]
[WhiteFideId "4135202"]
[BlackFideId "1304119"]
[EventDate "2014.07.21"]

1. d4 Nf6 2. c4 e6 3. Nc3 Bb4 4. e3 O-O 5. Bd3 b6 6. Ne2 Bb7 7. a3 Be7 8. e4 d6
9. O-O c5 10. d5 exd5 11. exd5 Nbd7 12. Ng3 Ne5 13. Nf5 Bc8 14. Nxe7+ Qxe7 15.
Bg5 h6 16. Bh4 g5 17. Bg3 Bg4 18. f3 Bd7 19. f4 Neg4 20. Re1 Ne3 21. Qd2 Rae8
22. fxg5 hxg5 23. Nd1 1-0

[Event "7th Paleochora Open 2014"]
[Site "Paleochora GRE"]
[Date "2014.07.22"]
[Round "3.6"]
[White "Farahat, Ali"]
[Black "Mirzoev, Azer"]
[Result "1/2-1/2"]
[WhiteTitle "IM"]
[BlackTitle "GM"]
[WhiteElo "2374"]
[BlackElo "2554"]
[WhiteFideId "10600507"]
[BlackFideId "13400304"]
[EventDate "2014.07.21"]

1. e4 e5 2. Nf3 Nc6 3. Bb5 g6 4. O-O Bg7 5. c3 a6 6. Ba4 b5 7. Bb3 Nge7 8. d4
exd4 9. cxd4 O-O 10. Nc3 d6 11. d5 Na5 12. Re1 Nxb3 13. axb3 Bb7 14. b4 Qd7 15.
Be3 f5 16. Bd4 Bxd4 17. Qxd4 fxe4 18. Rxe4 Nf5 19. Qd3 Rae8 20. Rae1 Rxe4 21.
Qxe4 c5 22. dxc6 Bxc6 23. Qd3 Qf7 24. Ng5 Qc4 25. Qxc4+ bxc4 26. Rd1 Rb8 27. g4
Ne7 28. Rxd6 Rxb4 29. Re6 Rb7 30. h4 a5 31. Re5 a4 32. Nge4 Kf8 33. Nc5 Rxb2 34.
N5xa4 Rc2 35. h5 Rc1+ 36. Kh2 Ra1 37. hxg6 Nxg6 38. Rf5+ Kg7 39. Nc5 Ra3 40.
Ne6+ Kg8 41. Nd5 Bxd5 42. Rxd5 Kf7 43. Ng5+ Ke7 44. Rc5 Rc3 45. Ne4 Rc1 46. Kg3
Rg1+ 47. Kh2 Rxg4 1/2-1/2

[Event "7th Paleochora Open 2014"]
[Site "Paleochora GRE"]
[Date "2014.07.22"]
[Round "3.7"]
[White "David, Alberto"]
[Black "Kourkoulos-Arditis, Stamatis"]
[Result "0-1"]
[WhiteTitle "GM"]
[BlackTitle "FM"]
[WhiteElo "2553"]
[BlackElo "2330"]
[WhiteFideId "4000013"]
[BlackFideId "4221990"]
[EventDate "2014.07.21"]

1. e4 c5 2. Nf3 e6 3. d4 cxd4 4. Nxd4 Nf6 5. Nc3 d6 6. Be2 Be7 7. O-O O-O 8. Kh1
Nc6 9. Be3 a6 10. f4 Qc7 11. Qe1 Nxd4 12. Bxd4 b5 13. a3 Bb7 14. Qg3 Kh8 15.
Rae1 Rac8 16. Bd3 e5 17. fxe5 Nh5 18. Qf3 dxe5 19. Nd5 Bxd5 20. exd5 exd4 21.
Qe4 f5 22. Qxe7 Qxe7 23. Rxe7 g6 24. d6 Nf6 25. Rfe1 Kg8 26. a4 bxa4 27. g4 fxg4
28. R1e6 Nd5 29. Ra7 Kh8 30. d7 Rb8 31. Raxa6 Nc7 32. Bc4 Nxa6 33. Rxa6 Rfd8 34.
Be6 Rxb2 35. Rxa4 Rxc2 36. Rxd4 h5 37. Bb3 Rb2 38. Ba4 Kg7 39. Re4 Kf7 40. Re8
Rbb8 41. Re2 Rb7 42. Rd2 Rb4 43. Bc6 Rb6 44. Ba4 Ke7 45. Kg2 Rd6 46. Re2+ Kf6
47. Re8 R8xd7 48. Bxd7 Rxd7 49. Rb8 Rd5 50. Rb2 Kg5 51. Rb4 h4 52. Rb3 Rd2+ 53.
Kg1 h3 54. Rb1 Kh4 55. Kh1 g5 56. Rg1 Rd3 0-1

[Event "7th Paleochora Open 2014"]
[Site "Paleochora GRE"]
[Date "2014.07.22"]
[Round "3.8"]
[White "Malikentzos, Sotirios"]
[Black "Rychagov, Andrey"]
[Result "0-1"]
[WhiteTitle "FM"]
[BlackTitle "GM"]
[WhiteElo "2352"]
[BlackElo "2543"]
[WhiteFideId "4215079"]
[BlackFideId "4119932"]
[EventDate "2014.07.21"]

1. Nf3 d5 2. d4 Bf5 3. c4 e6 4. Nc3 Nf6 5. Bf4 dxc4 6. Qa4+ c6 7. Qxc4 Nbd7 8.
Qb3 Qb6 9. Nd2 Nd5 10. Nxd5 exd5 11. Qe3+ Be6 12. g3 Be7 13. Bg2 Bf6 14. Nb3 O-O
15. O-O Bf5 16. Bd6 Rfe8 17. Qf4 Bc2 18. Qg4 Bxb3 19. axb3 Re6 20. Ba3 Bxd4 21.
Rad1 Bc5 22. b4 Bf8 23. e3 a6 24. Rd4 Ne5 25. Qd1 Rae8 26. Qc2 Nc4 27. Rh4 g6
28. e4 Qb5 29. exd5 cxd5 30. Rd4 Nb6 31. Qd3 Bg7 32. Qxb5 axb5 33. Rd3 Rd8 34.
Rfd1 Red6 35. b3 R6d7 36. Bc1 d4 37. Bb2 Nd5 38. Bxd5 Rxd5 39. Rc1 Bf6 40. Kg2
Re8 41. Rc5 Rd6 42. Rxb5 b6 43. Bc1 Rc8 44. Bf4 Re6 45. Bg5 Rc3 46. Rd2 Bxg5 47.
Rxg5 Rd6 48. Rg4 d3 49. Kf3 Rxb3 50. Ke3 Kg7 51. Re4 Kf6 52. Kf3 Rd5 53. Rc4 b5
54. Re4 Rb1 55. g4 Kg5 56. Ke3 f5 57. h4+ Kxh4 58. gxf5+ Kg5 59. Rxd3 Rxd3+ 60.
Kxd3 Kxf5 61. Re7 h5 62. Kc3 h4 63. Rh7 g5 64. Rf7+ Kg6 65. Rf8 h3 66. Rh8 g4
67. Kd2 Rxb4 68. f3 h2 69. fxg4 Rb1 0-1

[Event "7th Paleochora Open 2014"]
[Site "Paleochora GRE"]
[Date "2014.07.22"]
[Round "3.9"]
[White "Zinchenko, Yaroslav"]
[Black "Markidis, Konstantinos"]
[Result "1-0"]
[WhiteTitle "GM"]
[WhiteElo "2532"]
[BlackElo "2314"]
[WhiteFideId "14110547"]
[BlackFideId "4203500"]
[EventDate "2014.07.21"]

1. e4 e6 2. d4 d5 3. Nd2 Be7 4. Ngf3 Nf6 5. e5 Nfd7 6. Bd3 c5 7. c3 Nc6 8. O-O
a5 9. a4 cxd4 10. cxd4 Nb4 11. Bb5 O-O 12. Nb1 Nb8 13. Nc3 N8c6 14. Bf4 f5 15.
exf6 Bxf6 16. Ne2 g5 17. Bg3 Bg7 18. Ra3 Rf5 19. h3 h6 20. Re3 Bd7 21. Re1 Rc8
22. Qd2 Rf7 23. Nc1 Rxf3 24. Rxf3 Nxd4 25. Rc3 Nbc6 26. Bxc6 Nxc6 27. Rc2 Qf6
28. Nd3 Qf5 29. Nc5 Nd4 30. Rcc1 Rxc5 31. Rxc5 Nb3 32. Qc2 Qxc2 33. Rxc2 Nd4 34.
Rc7 Bxa4 35. Rxg7+ 1-0

[Event "7th Paleochora Open 2014"]
[Site "Paleochora GRE"]
[Date "2014.07.22"]
[Round "3.10"]
[White "Kang, Chuanqi"]
[Black "Pap, Misa"]
[Result "0-1"]
[WhiteTitle "FM"]
[BlackTitle "GM"]
[WhiteElo "2327"]
[BlackElo "2514"]
[WhiteFideId "8601453"]
[BlackFideId "921610"]
[EventDate "2014.07.21"]

1. e4 c5 2. Nf3 g6 3. c4 Bg7 4. d4 Nc6 5. dxc5 Qa5+ 6. Nc3 Qxc5 7. Be2 Bxc3+ 8.
bxc3 Nf6 9. Qd3 d6 10. O-O O-O 11. Rb1 Ne5 12. Nxe5 Qxe5 13. Bf3 Bd7 14. Re1 Bc6
15. g3 Qa5 16. Bg2 Nd7 17. Bh6 Rfe8 18. Qd4 f6 19. g4 Ne5 20. h3 Qc5 21. Be3 g5
22. Rb4 Qxd4 23. cxd4 Nd3 24. Reb1 Nxb4 25. Rxb4 b6 26. d5 Bd7 27. Bf1 Rac8 28.
Bd3 Kg7 29. Kg2 h5 30. Kg3 hxg4 31. hxg4 Rh8 32. Rb1 Rh4 33. f3 Rch8 34. Bg1
Bxg4 35. Bf1 Bh3 36. Be2 Bd7 37. Rb3 Rh3+ 38. Kg2 Rc8 39. Bd4 Rc7 40. Rb2 Rh8
41. Rd2 Bc8 0-1

[Event "7th Paleochora Open 2014"]
[Site "Paleochora GRE"]
[Date "2014.07.22"]
[Round "3.11"]
[White "Werle, Jan"]
[Black "Papasimakopoulos, Alexandros"]
[Result "1-0"]
[WhiteTitle "GM"]
[WhiteElo "2511"]
[BlackElo "2262"]
[WhiteFideId "1006088"]
[BlackFideId "4244125"]
[EventDate "2014.07.21"]

1. d4 Nf6 2. c4 e6 3. Nf3 Bb4+ 4. Bd2 Qe7 5. g3 Nc6 6. Bg2 Bxd2+ 7. Nbxd2 d6 8.
O-O O-O 9. e4 e5 10. d5 Nb8 11. Ne1 a5 12. Nd3 Bg4 13. Qe1 Na6 14. f4 exf4 15.
gxf4 Nd7 16. Nb3 a4 17. Nd4 Ndc5 18. Nxc5 Nxc5 19. Qg3 Bd7 20. e5 Rfe8 21. Rae1
Qf8 22. Kh1 Rab8 23. b4 axb3 24. axb3 Kh8 25. b4 Na6 26. e6 fxe6 27. dxe6 Bc8
28. b5 Nc5 29. f5 Qf6 30. Nc2 g6 31. Ne3 gxf5 32. Nd5 Qg7 33. Qxg7+ Kxg7 34.
Nxc7 Re7 35. b6 Bxe6 36. Rxf5 Bxf5 37. Rxe7+ Kf8 38. Re1 Bd3 39. Bd5 Rc8 40. h4
Kg7 41. Ne8+ Kg6 42. Nxd6 Rd8 43. Ne8 Ra8 44. Re5 Ra6 45. Rg5+ Kh6 46. Nf6 Bg6
47. Ng4+ Kg7 48. h5 Rxb6 49. hxg6 Rxg6 50. Rxg6+ Kxg6 51. Kg2 Kf5 52. Kf3 h5 53.
Nh6+ Ke5 54. Ke3 h4 55. Nf7+ Kf6 56. Nd6 Ke5 57. Nxb7 Nd7 58. Bh1 h3 59. Na5 Nc5
60. Nc6+ Kf6 61. Nd4 Na4 62. Nb3 Ke5 63. Kf3 Nb2 64. c5 Nd3 65. Ke3 Nf4 66. Nd2
Nd5+ 67. Kd3 Nf4+ 68. Kc4 Ke6 69. Ne4 Kd7 70. Nf6+ Ke6 71. Nd5 Ne2 72. Bf3 h2
73. c6 Ng1 74. c7 Kd7 75. Bg4+ Kd6 76. c8=Q h1=Q 77. Qe6# 1-0

[Event "7th Paleochora Open 2014"]
[Site "Paleochora GRE"]
[Date "2014.07.22"]
[Round "3.12"]
[White "Hristodoulou, Panagiotis"]
[Black "Gavrilov, Alexei1"]
[Result "1/2-1/2"]
[BlackTitle "GM"]
[WhiteElo "2242"]
[BlackElo "2494"]
[WhiteFideId "4214340"]
[BlackFideId "4104358"]
[EventDate "2014.07.21"]

1. e4 e6 2. d4 d5 3. Nd2 c5 4. exd5 exd5 5. Ngf3 Nf6 6. Bb5+ Bd7 7. Bxd7+ Nbxd7
8. O-O Be7 9. dxc5 Nxc5 10. Nb3 Nce4 11. Nfd4 Qd7 12. Qf3 O-O 13. Nf5 Bd8 14.
Be3 g6 15. Nh6+ Kg7 16. Rfd1 Rc8 17. c3 Re8 18. h3 Rc6 19. Ng4 h5 20. Nxf6 Bxf6
21. Rd3 Bh4 22. Bd4+ Kh7 23. Rf1 b6 24. Be3 Rf6 25. Qd1 Qe7 26. g3 Bg5 27. h4
Bxe3 28. Rxe3 Qe5 29. Nd4 Qc7 30. Nf3 Qc5 31. Qd4 Qxd4 32. Nxd4 Rc8 33. Kg2 Rc7
34. f3 Nd6 35. Rd1 Kg7 36. Re2 Kf8 37. Nc2 Re6 38. Rxe6 fxe6 39. Nd4 Kf7 40. Re1
Re7 41. Nc6 Re8 42. Ne5+ Kf6 43. Nd7+ Kg7 44. Ne5 b5 45. Kf2 a6 46. Re2 a5 47.
a3 Nc4 48. Nxc4 bxc4 49. f4 Kf6 50. Kf3 Rb8 51. g4 hxg4+ 52. Kxg4 a4 53. Rd2 Rd8
54. Rd1 Rb8 55. Rd2 Rb7 56. Re2 Rb6 57. Rf2 Rb5 58. Re2 Rb3 59. Rc2 Rb8 60. Rf2
Rh8 61. Rg2 Rh5 62. Re2 Rf5 63. Re1 Rh5 64. Re2 Rh7 65. Rf2 Ke7 66. Re2 Rh8 67.
Rh2 Rh5 68. Re2 Rh8 69. Rh2 Rb8 70. Kg5 Kf7 71. Re2 Rb3 72. Rd2 Rb5 73. Kg4 Kf6
74. Re2 Rb8 75. Rf2 Rc8 76. Rg2 Rb8 1/2-1/2